| 000 | 00438cam a22001571 4500 | ||
|---|---|---|---|
| 020 | _a 0132162598 | ||
| 040 | _cDLC | ||
| 082 | 0 | 0 | _a519 JAN 1968 C283 Or. |
| 100 | 1 | _aBradley, James V. | |
| 245 | 1 | 0 | _aDistribution-free statistical tests |
| 260 |
_aEnglewood Cliffs, N.J., _bPrentice-Hall _c[1968] |
||
| 300 |
_axii, 388 p. _c24 cm. |
||
| 650 | 0 | _aNonparametric statistics. | |
| 650 | 0 | _aStatistical hypothesis testing. | |
| 942 | _cAEDBB | ||
| 999 |
_c22453 _d22453 |
||